000 00645cam a22002293a 4500
001 17952
003 PGUSA
005 20140828083401.0
008 060308s2006||||xxu|||||s|||||000 1 eng d
040 _aPGUSA
_beng
042 _adc
050 4 _aPR
100 1 _aWard, Wilfrid,
_cMrs,
_d1864-1932
245 1 0 _aGreat Possessions
_h[electronic resource] /
_cWilfrid, Ward
260 _bProject Gutenberg,
_c2006
506 _aPublic domain in the USA.
516 _aElectronic text
653 _aInheritance and succession -- Fiction
830 0 _aProject Gutenberg
_v17952
856 4 0 _uhttp://www.gutenberg.org/ebooks/17952
942 _cEB
999 _c247207
_d247207